[Event "SRI-ch (Women)"]
[Site "Colombo"]
[Date "2024.03.29"]
[Round "9"]
[White "Rathnayake, RM Dulinma Hemalni"]
[Black "Abeysinghe, HMH Janandani"]
[Result "0-1"]
[WhiteElo "1749"]
[BlackElo "1750"]
[PlyCount "110"]
[EventDate "2024.03.22"]
[EventType "tourn"]
[EventRounds "13"]
[EventCountry "SRI"]
[SourceTitle "CB15_2024"]
[SourceDate "2024.04.10"]
[SourceVersion "1"]
[SourceVersionDate "2024.04.10"]
[SourceQuality "1"]

1. e4 c5 2. Nf3 a6 3. d4 cxd4 4. Nxd4 e5 5. Nb3 Nf6 6. Nc3 Bb4 7. Qf3 Nc6 8. Bd2 Bxc3 9. Bxc3 d5 10. exd5 Qxd5 11. Be2 0-0 12. 0-0 Be6 13. Qe3 Qe4 14. Qd2 Rfd8 15. Bd3 Qh4 16. Qe1 Qg5 17. Bd2 Qh5 18. Nc5 Bd5 19. f3 Nd4 20. Ne4 Nxe4 21. fxe4 Be6 22. Be3 Qg6 23. Qf2 f6 24. c3 Nf3+ 25. Qxf3 Rxd3 26. h3 Rad8 27. Rfe1 Qe8 28. Red1 Qb5 29. b3 Qc6 30. Rxd3 Rxd3 31. c4 b5 32. cxb5 axb5 33. Kf2 Qa8 34. Qe2 Qxe4 35. Rd1 Rxd1 36. Qxd1 Bd5 37. g3 Qg2+ 38. Ke1 Qxg3+ 39. Bf2 Qc3+ 40. Qd2 Qxd2+ 41. Kxd2 Kf7 42. a4 bxa4 43. bxa4 Ke6 44. h4 Kf5 45. Kd3 g5 46. a5 h5 47. Ke3 Kg4 48. hxg5 Kxg5 49. Bg3 Kg4 50. Bh2 Kh3 51. Bg1 f5 52. Ke2 Kg2 53. Bf2 Kh3 54. Bg1 f4 55. Kd2 Kg2 0-1

[Event "Western Asia-ch U20 Girls"]
[Site "Colombo"]
[Date "2023.12.01"]
[Round "3"]
[White "Rathnayake, RM Dulinma Hemalni"]
[Black "Sasvatha, A."]
[Result "1/2-1/2"]
[WhiteElo "1532"]
[BlackElo "1568"]
[PlyCount "156"]
[EventDate "2023.11.30"]
[EventType "swiss"]
[EventRounds "9"]
[EventCountry "SRI"]
[SourceTitle "CB50_2023"]
[SourceDate "2023.12.13"]
[SourceVersion "1"]
[SourceVersionDate "2023.12.13"]
[SourceQuality "1"]

1. e4 c6 2. d4 d5 3. Nc3 dxe4 4. Nxe4 Bf5 5. Ng3 Bg6 6. h4 h6 7. Nf3 Nd7 8. h5 Bh7 9. Bd3 Bxd3 10. Qxd3 Ngf6 11. Bd2 Qc7 12. 0-0-0 0-0-0 13. Kb1 e6 14. Ne4 Nxe4 15. Qxe4 Nf6 16. Qe2 Rd5 17. c4 Rxh5 18. Rxh5 Nxh5 19. d5 Bd6 20. Nd4 Be5 21. Nxc6 bxc6 22. Qxh5 g6 23. Qf3 exd5 24. cxd5 Rd8 25. Bxh6 Qb7 26. Qe2 Bf6 27. Qc2 Kb8 28. Bf4+ Ka8 29. d6 Qd7 30. Rc1 Rb8 31. Qxc6+ Qxc6 32. Rxc6 Rxb2+ 33. Kc1 Rxf2 34. d7 Be7 35. g3 Rxa2 36. d8Q+ Bxd8 37. Rc8+ Kb7 38. Rxd8 f6 39. Rd7+ Kc8 40. Rd6 g5 41. Bd2 Ra1+ 42. Kc2 Rg1 43. Rd3 Rf1 44. Kb3 Kc7 45. Kc4 Kc6 46. Ra3 Rf2 47. Be3 Rf3 48. Bc5 Rf1 49. Bxa7 Kd6 50. Ra6+ Ke7 51. Bd4 Rf3 52. Kd5 Rxg3 53. Ra7+ Kf8 54. Ke6 Kg8 55. Bxf6 Re3+ 56. Be5 g4 57. Rg7+ Kf8 58. Rxg4 Re1 59. Rg3 Re2 60. Rh3 Rg2 61. Rh8+ Rg8 62. Rh7 Rg6+ 63. Bf6 Rg2 64. Be5 Rg6+ 65. Kf5 Rg1 66. Kf6 Rf1+ 67. Ke6 Rg1 68. Rh8+ Rg8 69. Bd6+ Kg7 70. Rh2 Re8+ 71. Be7 Ra8 72. Bf6+ Kg6 73. Rg2+ Kh5 74. Kf5 Ra5+ 75. Be5 Ra4 76. Rg8 Ra6 77. Rh8+ Rh6 78. Rxh6+ Kxh6 1/2-1/2

[Event "Wch U12 Girls"]
[Site "Batumi"]
[Date "2022.09.25"]
[Round "9"]
[White "Rathnayake, RM Dulinma Hemalni"]
[Black "Aravindakshan, Sahana"]
[Result "0-1"]
[WhiteElo "1321"]
[BlackElo "1776"]
[PlyCount "152"]
[EventDate "2022.09.16"]
[EventType "swiss"]
[EventRounds "11"]
[EventCountry "GEO"]
[SourceTitle "EXT 2023"]
[Source "ChessBase"]
[SourceDate "2022.10.05"]
[SourceVersion "1"]
[SourceVersionDate "2022.10.05"]
[SourceQuality "1"]

1. e4 e5 2. Nf3 Nc6 3. Bb5 a6 4. Ba4 Nf6 5. 0-0 Be7 6. Re1 b5 7. Bb3 d6 8. c3 0-0 9. h3 Nb8 10. d4 Nbd7 11. Nbd2 Bb7 12. Bc2 Re8 13. Nf1 Bf8 14. Ng3 g6 15. a4 Bg7 16. Nh2 c6 17. f4 Qc7 18. Be3 Rad8 19. Qc1 exf4 20. Bxf4 c5 21. d5 Ne5 22. Rf1 Nfd7 23. Bg5 Ra8 24. h4 c4 25. Nf3 Nxf3+ 26. gxf3 Nc5 27. Kg2 Qd7 28. a5 Bc8 29. Rh1 h5 30. Bh6 Qe7 31. Bxg7 Kxg7 32. f4 Bg4 33. Qd2 Rf8 34. f5 Kh7 35. Qg5 Qxg5 36. hxg5 Nd7 37. Bd1 Bxd1 38. Raxd1 Rh8 39. Rh4 Ne5 40. Ne2 Rab8 41. Nd4 Rhc8 42. fxg6+ fxg6 43. Nc2 Nd3 44. Rf1 Rf8 45. Nd4 Rxf1 46. Kxf1 Nxb2 47. Rf4 Kg8 48. Rf6 Rf8 49. Nc6 Na4 50. e5 dxe5 51. d6 Nc5 52. Nxe5 Ne4 53. Rxf8+ Kxf8 54. Nxg6+ Ke8 55. Nf4 Nxg5 56. Nd5 Ne4 57. Nb4 Nxc3 58. Nxa6 Nd5 59. Nc5 Kd8 60. a6 Nb6 61. Ne6+ Kd7 62. Nd4 b4 63. Nb5 b3 64. Ke2 b2 65. Na3 Kxd6 66. a7 Kc5 67. Kd2 Kb4 68. Nb1 Kb3 69. Nc3 Na8 70. Nb1 h4 71. Nc3 h3 72. Nb1 h2 73. Nc3 h1Q 74. Ne2 b1Q 75. Nd4+ Ka4 76. Ne2 Qd3# 0-1